00355nam a2200133Ia 4500008004100000020001800041041000800059082002300067100002200090245004600112260003200158300000900190700002200199240624s2019 xx und d a9789387363366 aeng a372.8609bBHA /RAT aBHARADWAJ, SUDESH aHISTORICAL READINGS IN PHYSICAL EDUCATION aNew DelhibSPORTS PUBc2019 a213P aRATHEE, NIRMALJIT